000 01720nam0a22002531 4500
001 v19\rc\1275383
005 20250618005319.0
035 _a(NLR Aleph) 004426825
090 _a4212360
_c4212360
100 _a20060306d1896 |||y0rusy50 ca
101 0 _arus
102 _aRU
105 _ay i |||||
200 1 _aСтатистические сведения об оборотах сухопутной торговли России с Китаем чрез Кяхту с 1875 по 1894 год и торговля Китая с другими государствами за последние годы
_eИзд. кяхтинского купечества
_fВсерос. пром. и худож. выставка 1896 года в Н. Новгороде
210 _aМосква
_d1896
215 _a27 с.
_d21
309 _aБез тит. л.
316 _aЭкз. РНБ (20.95.2.391): приплетено к: Краткий очерк возникновения, развития и теперешнего состояния наших торговых с Китаем сношений через Кяхту. М., 1896
_5NLR: 20.95.2.391
482 0 _12001#$aКраткий очерк возникновения, развития и теперешнего состояния наших торговых с Китаем сношений через Кяхту
_1210##$aМосква$d1896
_tКраткий очерк возникновения, развития и теперешнего состояния наших торговых с Китаем сношений через Кяхту
801 0 _aRU
_bNLR
_gpsbo
801 1 _aRU
_bProSoft-M
_2rusmarc
852 _aNLR
_j20.95.2.391
942 _cBOOK
980 _aNB